000 00843nmc a2200313 a 4500
003 AR-BaBNM
005 20251128203822.0
008 011101s1990 ||||||||||||||000 | spa||
020 _a84-7046-266-0
040 _cAR-BaBNM
100 1 _aMartínez, Elvira M.
245 1 0 _aEl origen de la expresión en niños de 3 a 6 años
260 _aMadrid
_bCincel
_c1990
300 0 _a168 p.
_bil., diagr.
490 0 _aExpresión y escuela
504 _aBibliografía. p. 167-168
650 4 _aEDUCACION ARTISTICA
650 4 _aARTES PLASTICAS
650 4 _aDIBUJO
650 4 _aCOLOR
650 4 _aMETODOS DE ENSENANZA
650 4 _aSELECCION DE MATERIAL DIDACTICO
650 4 _aPSICOLOGIA DEL NINO
650 4 _aDESARROLLO DEL NINO
653 0 _aEDUCACION INICIAL
700 1 _aDelgado, Juan
942 _cBK
998 _csilvi
999 _c5029
_d5029